000 00320nam a2200133Ia 4500
008 221030s9999 xx 000 0 und d
041 _aEnglish
082 _a105.23
100 _aR. R. Still
245 0 _aSales Management - Decisions, Strategies & Cases
_cby R. R. Still
260 _c0
650 _aMb
942 _cBK
999 _c10456
_d10456